| 000 | 00458nam a2200133Ia 4500 | ||
|---|---|---|---|
| 008 | 170221s9999 xx 000 0 und d | ||
| 100 | _aYusuf O. Tajudeen | ||
| 245 | _aINVESTIGATING THE ROLES OF CLAIMS MANAGER IN CLAIMS HANDLING PROCESS IN THE NIGERIA INSURANCE INDUSTRY | ||
| 245 | _cYusuf O. Tajudeen, Abass O. Adebowale | ||
| 260 | _c2012 | ||
| 300 | _a6 : | ||
| 650 | _xBusiness | ||
| 856 | _uhttp://escijournals.net/index.php/JBF/article/view/239/225 | ||
| 999 |
_c313396 _d313396 |
||